000 01050 a2200277 4500
003 Nust
005 20170207154053.0
010 _a 2008047044
020 _a0470453117 (pbk.)
020 _a9780470453117 (pbk.)
035 _a(OCoLC)ocn255894052
040 _cNust
082 0 0 _a658.4038
100 1 _aRandolph A. Kahn, Barclay T. Blair.
245 1 0 _aInformation nation : seven keys to information management compliance (E-Book)
_cRandolph A. Kahn, Barclay T. Blair.
250 _a2nd ed.
260 _aIndianapolis, IN :
_bWiley Pub.,
_cc2009.
300 _axiv, 256 p. ;
_c23 cm.
650 0 _aBusiness records
_xData processing
_xManagement.
650 0 _aBusiness records
_xLaw and legislation
_zUnited States.
650 0 _aDisclosure of information
_xLaw and legislation
_zUnited States.
650 0 _aInformation technology
_zUnited States
_xManagement.
650 0 _aManagement information systems
_zUnited States.
651 _aInformation nation : seven keys to information management compliance (E-Book)
700 1 _aBlair, Barclay T.
942 _2ddc
_cBK
999 _c193196
_d193196